00525nam a2200181Ia 4500008004100000020001500041082001500056100002900071245003500100250000800135260002500143300001300168500002400181650001200205942000700217952010200224999001700326230524s9999 xx 000 0 und d a0074638793 a658.4bSCH aRobert Schultheis911278 0aManagement Information Systems a4TH aNEW DELHIbTMHc1999 aXXII;743 aQuantity Number: 1 aComp-Sc cBK 00104070aTATCLbTATCLcGENd2023-05-24l0o658.4 SCHp5332r2023-05-24w2023-05-24yBKzMBA301 c15714d15714